000 00398nam a22001217a 4500
999 _c1591
_d1591
005 20200902102247.0
008 200902b ||||| |||| 00| 0 eng d
020 _a0712113797
040 _cCML
245 _aMovement Education The Place of Movement in Physical Education.
_cBriggs, M.M.
260 _aLondon
_bMacdonald & Evans Ltd
_c1974
942 _2ddc
_cBK
_e1st Edition
_h613.7
_mBRI